000 00604cam a2200217 a 4500
001 3823324
005 20180222032421.0
008 860423s1986 enka b 011 0 eng
010 _a 86008580
020 _a0521304547
040 _aDLC
_cDLC
_dDLC
041 _aeng
080 _a339
082 0 0 _a339 HEL
_219
100 _a53
101 _aMNG
245 0 0 _aSocial choice and public decision making /
_cedited by Walter P. Heller, Ross M. Starr, David A. Starrett.
504 _aIncludes bibliographies and index.
906 _a7
_bcbc
_corignew
_d1
_eocip
_f19
_gy-gencatlg
942 _2ddc
_cBK
999 _c43094
_d43094